The UK property investors bulletin (Record no. 102311)
[ view plain ]
| 000 -LEADER | |
|---|---|
| fixed length control field | 00707cam a2200181 4500 |
| 001 - CONTROL NUMBER | |
| control field | J119393 |
| 008 - FIXED-LENGTH DATA ELEMENTS--GENERAL INFORMATION | |
| fixed length control field | 020821n 000 0 eng u |
| 035 ## - SYSTEM CONTROL NUMBER | |
| System control number | (Sirsi) u119393 |
| 050 ## - LIBRARY OF CONGRESS CALL NUMBER | |
| Classification number | 332.6324 |
| 110 ## - MAIN ENTRY--CORPORATE NAME | |
| Corporate name or jurisdiction name as entry element | Property Data |
| 245 #4 - TITLE STATEMENT | |
| Title | The UK property investors bulletin |
| 260 ## - PUBLICATION, DISTRIBUTION, ETC. | |
| Place of publication, distribution, etc. | Eccleshall |
| Name of publisher, distributor, etc. | Property Data |
| Date of publication, distribution, etc. | 2000 - |
| 520 ## - SUMMARY, ETC. | |
| Summary, etc. | Monthly listing of investment deals by sector, UK investment transactions, buyers and sellers and ctive property investors. Includes a net investment analysis and investment transaction scoreboard |
| 650 ## - SUBJECT ADDED ENTRY--TOPICAL TERM | |
| Topical term or geographic name entry element | PROPERTY INVESTMENT |
| 650 ## - SUBJECT ADDED ENTRY--TOPICAL TERM | |
| Topical term or geographic name entry element | PROPERTY TRANSACTIONS |
| 690 ## - LOCAL SUBJECT ADDED ENTRY--TOPICAL TERM (OCLC, RLIN) | |
| Topical term or geographic name as entry element | PROPERTY-COMMERCIAL PROPERTY-COMMERCIAL PROPERTY FINANCE AND INVESTMENT |
| 942 ## - ADDED ENTRY ELEMENTS (KOHA) | |
| Suppress in OPAC | 0 |
| Withdrawn status | Lost status | Source of classification or shelving scheme | Damaged status | Not for loan | Home library | Current library | Shelving location | Date acquired | Total Checkouts | Full call number | Barcode | Date last seen | Copy number | Price effective from | Koha item type |
|---|---|---|---|---|---|---|---|---|---|---|---|---|---|---|---|
| Dewey Decimal Classification | London | London | Property market reports | 21/08/2002 | PROPERTY MARKET REPORTS | 30066470 | 06/08/2019 | 1 | 06/08/2019 | Reference material |